Регионална библиотека "Любен Каравелов" - Русе

Les mensonges conventionnels de notre civilization (Запис номер 391373)

MARC детайли
000 -Лидер
Контролно поле с фиксирана дължина 01558cam a22003371a 4500
001 - Контролен номер на записа
Контролно поле 6907448
003 - Код на организацията, давaща контролен номер
Контролно поле BLK
005 - Дата и час на последна редакция
Контролно поле 20231030094521.0
008 - Елементи от данни с фиксирана дължина
fixed length control field 840203s1908 fr 000 0 fre
010 ## - Наследен системен номер
LC control number 39022964
035 ## - SYSTEM CONTROL NUMBER
Системен номер от АБ (OCoLC)10372133
040 ## - Източник на каталожния запис
Идентификатор на билиотеката - собственик на записа DLC
Transcribing agency ICIU
Modifying agency DLC
041 ## - Код за език
Код за езика на текст/звукозапис или на отделно заглавие Български
Код за езика КДБФ Български
080 ## - УДК
Текстов определител УДК Цивилизация. Култура. Прогрес. История на културата вж 930.85
УДК код - определител по УДК 008
УДК - код + определител 008
100 ## - Редна дума - Автор
Автор Nordau, Max Simon
Дати, свързани с автора 1849-1923.
R(LIN) 435992
139 ## - Редно поле
Редна дума Nordau, Max Simon
245 14 - Сведения за заглавието
Заглавие Les mensonges conventionnels de notre civilization
Редно поле (дума) Max Nordau; traduit sur la douzieme édition allemande par Auguste Dietrich.
260 ## - Област на издателските данни
Място на издаване, разпространение и проч. Paris
Име на издателя, разпространителя и проч. W. Hinrichsen
Година на издаване 1886
9 (RLIN) 435993
300 ## - Физическа характеристика
Страници 354 с.
Размери/Мащаб 22 cм
380 ## - Жанр
Жанр Обществени науки
490 ## - СЕРИИ (Колекции)
9 (RLIN) 435080
Име на серия Колекция Редки и ценни издания
490 ## - СЕРИИ (Колекции)
9 (RLIN) 435931
Име на серия Лична библиотека на Захари Стоянов
Бележки за серията № 68
500 ## - Общи забележки
Забележка На загл. с. датирано : 27.ІV.936 № 218. - Бел. по полетата на с.288.
650 #0 - Допълнително описание по предмет – тема
Основно описание – тема или топоним Цивилизация - философско-исторически проблеми
9 (RLIN) 244134
653 #7 - Ключова дума – ненормативна
9 (RLIN) 196229
Ключова дума световна история
700 1# - Други автори (авторска отговорност)
Лично име Dietrich, Auguste,
Дати, свързани с автора 1846-
9 (RLIN) 435996
852 ## - Местоположение
Форматна сигнатура Рф 886 ЗСт
Фондова буква Редки и ценни
856 ## - Електронен адрес и достъп
Име на файл Съдържание
Права за достъп Достъп за регистрирани потребители
Електронен формат jpg - файл
Път до файла /url/ http://185.138.176.146:18082/cgi-bin/koha/opac-retrieve-file.pl?id=8e839c5794d5a610feed29b3821cda8c
Допълнителна информация (Корица, съдържание, пълен текст, звуков файл, HTML файл) Изображение
Информация за съдържанието Съдържание
942 ## - АРТИКУЛИ
Източник на класификационната схема Universal Decimal Classification
Вид на библиотечния материал Книги
Скрит в OPAC Не
Периодичен библиозапис Да
Koha issues (borrowed), all copies 1
999 ## - СИСТЕМНИ КОНТРОЛНИ НОМЕРА
Koha biblionumber 391373
Koha biblioitemnumber 391373
999 ## - СИСТЕМНИ КОНТРОЛНИ НОМЕРА
Koha biblioitemnumber 391373
944 ## - СЪЗДАВАНЕ И РЕДАКЦИЯ на ЗАПИСА
Служител, извършил регистрацията/редакцията 30542
Статус, дата на статуса Русанова Ирена
Наличности
Код за отписване Код за изгубен артикул Източник на класификационната схема Код за повреда Коз за рестрикции Код за отдаване Артикулен № Име на библиотеката - собственик Име на библиотеката, в която се намира в момента Статус (Текущо местоположение) Дата на вписване в системата Местоположение - отдел Цена в лева Инвентарен номер Систематично азбучна сигнатура Баркод Цена в евро Служебен тип на артикула
  Не е изгубен Universal Decimal Classification Не е повреден само за читалня Специални фондове ( старопечатни, редки и ценни, фонд М. Арнаудов) 804823 Регионална библиотека "Любен Каравелов" Русе Регионална библиотека "Любен Каравелов" Русе Редки и ценни 2020-11-06 Редки и ценни 0.80 13999 Рф 886 ЗСт 900000038362 0.41 Книги
Vip Innovations Ltd, Rousse, Bulgaria 2025